| 000 | 00802cam a2200253Ii 4500 | ||
|---|---|---|---|
| 001 | 4725103 | ||
| 003 | ARRUPE | ||
| 005 | 20140326172143.0 | ||
| 008 | 771209s1908 enkcf 000 0aeng d | ||
| 035 | _a(OCoLC)ocm03475177 | ||
| 035 | _a(NNC)4725103 | ||
| 040 |
_aKAT _cKAT _dOCL |
||
| 098 | _aTa3 | ||
| 100 | 1 |
_aSmith, Julia A. _99484 |
|
| 245 | 1 | 0 |
_aSunshine and shade in Central Africa / _cby Julia A. Smith (Mrs. E.W. Smith). |
| 260 |
_aLondon : _bEdwin Dalton, _c1908. |
||
| 300 |
_a107 p., [12] leaves of plates : _bill., ports. ; _c19 cm. |
||
| 600 | 1 | 0 |
_aSmith, Julia A. _99485 |
| 650 | 0 |
_aIla (African people) _xSocial life and customs. _99486 |
|
| 650 | 0 |
_aMissionaries _vCorrespondence. _99487 |
|
| 650 | 0 |
_aMissions _zAfrica, Central. _99488 |
|
| 942 |
_2lcc _cREFERENCE |
||
| 999 |
_c120296 _d120296 |
||